Language Quiz

Random Language or Asia Quiz

Katakana Basic Quiz Stats

 Plays Quiz not verified by Sporcle

Score 0/45 Timer 04:00
0 Plays Today
Kana Character Name % Correct
ka
92.7%
ni
90.6%
tsu
88.5%
ri
88.5%
ki
87.5%
ko
87.5%
to
87.5%
na
87.5%
ha
87.5%
ke
86.5%
sa
86.5%
no
86.5%
ku
85.4%
shi
85.4%
su
85.4%
se
85.4%
so
85.4%
he
85.4%
ho
85.4%
ru
85.4%
ta
84.4%
te
84.4%
nu
84.4%
Kana Character Name % Correct
ne
84.4%
ma
84.4%
mi
84.4%
mu
84.4%
mo
84.4%
ya
84.4%
me
83.3%
yo
83.3%
ra
83.3%
ro
83.3%
hi
82.3%
yu
82.3%
re
82.3%
chi
81.3%
fu
81.3%
wa
77.1%
a
55.2%
i
53.1%
u
53.1%
e
53.1%
o
53.1%
no
8.3%

You're not logged in!

Compare scores with friends on all Sporcle quizzes.
OR
Log In

Sporcle TV

Today on Sporcle TV


Watch our educational content, quiz creation guides, and fun videos on Sporcle TV.

Show Comments

Extras

Top Quizzes Today


Score Distribution

Your Account Isn't Verified!

In order to create a playlist on Sporcle, you need to verify the email address you used during registration. Go to your Sporcle Settings to finish the process.

Report this User

Report this user for behavior that violates our Community Guidelines.

Details: